Lenguaje y acción humana

Gespeichert in:
Bibliographische Detailangaben
1. Verfasser: Schaff, Adam
Format: Buch
Sprache:Undetermined
Veröffentlicht: Barcelona, España A. Redondo [s.f.]
Schlagworte:
Tags: Tag hinzufügen
Keine Tags, Fügen Sie den ersten Tag hinzu!

MARC

LEADER 00000nam a2200000Ia 4500
008 170316s9999 xx 000 0 und d
090 |a 410 S-7L 
100 |a Schaff, Adam 
245 |a Lenguaje y acción humana 
260 |a Barcelona, España 
260 |b A. Redondo 
260 |c [s.f.] 
300 |a 35 páginas 
650 |a LINGÜÍSTICA 
999 |c 18764  |d 18764 
040 |a cru BVZT 
942 |c 15 D  |h 410 S-7L  |2 z